Aventuras en el eslabón perdido

Uloženo v:
Podrobná bibliografie
Hlavní autor: Dart, Raymond A.
Další autoři: Craij, Dennis
Médium: Kniha
Jazyk:španělština
Vydáno: Mexico D.F. Fondo de Cultura Económica. c1962.
Témata:
Tagy: Přidat tag
Žádné tagy, Buďte první, kdo vytvoří štítek k tomuto záznamu!

MARC

LEADER 00000nam a22000005a 4500
001 17422
003 CL-ChBUA
005 20120815103635.0
008 070301s1962 mx 000 0dspa
040 |a CL-ChBUA  |c CL-ChBUA 
082 0 0 |a 573 
090 |c 17422  |d 17422 
100 1 |a Dart, Raymond A. 
245 1 0 |a Aventuras en el eslabón perdido 
260 |b Fondo de Cultura Económica.  |a Mexico D.F.  |c c1962. 
300 |c 20 cm. 
504 |a Bibl., índice. 
650 4 |a ANTROPOLOGIA FISICA. 
650 4 |a HOMBRE PREHISTORICO. 
700 1 |a Craij, Dennis. 
942 |c LIB 
952 |0 0  |1 0  |4 0  |7 0  |9 24104  |a UNACH  |b UNACH  |c 500  |d 2007-03-05  |i 6.271  |l 0  |o 573 / D 226.  |p 25103  |r 2012-12-27 00:00:00  |u 24104  |w 2012-08-08  |y LIB  |k 573 / D 226. 
999 |c 17422  |d 17422